| 000 -LEADER |
| fixed length control field |
02249cam a22004215a 4500 |
| 001 - CONTROL NUMBER |
| control field |
6282039 |
| 003 - CONTROL NUMBER IDENTIFIER |
| control field |
OSt |
| 005 - DATE AND TIME OF LATEST TRANSACTION |
| control field |
20210909110027.0 |
| 008 - FIXED-LENGTH DATA ELEMENTS--GENERAL INFORMATION |
| fixed length control field |
070314s2007 pk a bs 001 0 eng |
| 010 ## - LIBRARY OF CONGRESS CONTROL NUMBER |
| LC control number |
2007379045 |
| 020 ## - INTERNATIONAL STANDARD BOOK NUMBER |
| International Standard Book Number |
9780195472516 |
| 025 ## - OVERSEAS ACQUISITION NUMBER |
| Overseas acquisition number |
P-E-2007379045 ; 06 ; 28 |
| 035 ## - SYSTEM CONTROL NUMBER |
| System control number |
(OCoLC)ocm86173123 |
| 035 ## - SYSTEM CONTROL NUMBER |
| System control number |
(OCoLC)86173123 |
| 035 ## - SYSTEM CONTROL NUMBER |
| System control number |
(NNC)6282039 |
| 038 ## - RECORD CONTENT LICENSOR |
| Staff Name |
khadija |
| 040 ## - CATALOGING SOURCE |
| Original cataloging agency |
DLC |
| Transcribing agency |
DLC |
| Modifying agency |
BAKER |
| -- |
BTCTA |
| -- |
SDB |
| -- |
YDXCP |
| 042 ## - AUTHENTICATION CODE |
| Authentication code |
lcode |
| 082 ## - DEWEY DECIMAL CLASSIFICATION NUMBER |
| Classification number |
327 |
| Author Mark |
ISL |
| 090 ## - LOCALLY ASSIGNED LC-TYPE CALL NUMBER (OCLC); LOCAL CALL NUMBER (RLIN) |
| Classification number (OCLC) (R) ; Classification number, CALL (RLIN) (NR) |
D1056.2.M87 |
| Local cutter number (OCLC) ; Book number/undivided call number, CALL (RLIN) |
I84 2007 |
| 245 00 - TITLE STATEMENT |
| Title |
Islam in the European Union: |
| Remainder of title |
Transnationalism, Youth and the War on Terror / |
| Statement of responsibility, etc. |
edited by Yunas Samad, Kasturi Sen. |
| 260 ## - PUBLICATION, DISTRIBUTION, ETC. |
| Place of publication, distribution, etc. |
Karachi: |
| Name of publisher, distributor, etc. |
Oxford University Press, |
| Date of publication, distribution, etc. |
2007. |
| 300 ## - PHYSICAL DESCRIPTION |
| Extent |
xxv, 251 p. : |
| Other physical details |
ill. ; |
| Dimensions |
23 cm. |
| 500 ## - GENERAL NOTE |
| General note |
Includes statistical tables. |
| 504 ## - BIBLIOGRAPHY, ETC. NOTE |
| Bibliography, etc. note |
Includes bibliographical references (p. [232]-244) and index. |
| 505 00 - FORMATTED CONTENTS NOTE |
| Title |
Muslims in Europe : demography and organizations / |
| Statement of responsibility |
Konrad Pêdziwiatr -- |
| Title |
Orientalism and otherness / |
| Statement of responsibility |
Bryan Turner -- |
| Title |
Making of Islamic radicalism : Iran and Turkey / |
| Statement of responsibility |
Masoud Kamali -- |
| Title |
Afghanistan : making of transnational Jihad / |
| Statement of responsibility |
Ian Talbot -- |
| Miscellaneous information |
The |
| Title |
hybrid and globalized Islam of Western Europe / |
| Statement of responsibility |
Jocelyne Cesari -- |
| Title |
Transnationalism and identities / |
| Statement of responsibility |
Godfried Engbersen -- |
| Title |
Violence, gender and identity : re-imagining 'The Asian Gang' / |
| Statement of responsibility |
Claire Alexander -- |
| Title |
Ethnicization of religion / |
| Statement of responsibility |
Yunas Samad -- |
| Title |
Young South Asian Muslims and identity / |
| Statement of responsibility |
Aminah Mohammad-Arif -- |
| Title |
Comparative perspectives on discrimination law / |
| Statement of responsibility |
Tufyal Choudhury -- |
| Title |
Terrorizing communities : the so-called 'war on terror' in the UK / |
| Statement of responsibility |
Les Levidow -- |
| Miscellaneous information |
The |
| Title |
politics of identity / |
| Statement of responsibility |
Imran Khan -- |
| Miscellaneous information |
Conclusion : |
| Title |
policy implications : youth, gender and trans-Islam / |
| Statement of responsibility |
Kasturi Sen. |
| 563 ## - BINDING INFORMATION |
| Binding note |
hardcover |
| 650 #0 - SUBJECT ADDED ENTRY--TOPICAL TERM |
| Topical term or geographic name entry element |
Islam |
| Geographic subdivision |
European Union countries. |
| 9 (RLIN) |
82310 |
| 650 #0 - SUBJECT ADDED ENTRY--TOPICAL TERM |
| Topical term or geographic name entry element |
Islam and politics |
| Geographic subdivision |
European Union countries. |
| 9 (RLIN) |
82311 |
| 650 #0 - SUBJECT ADDED ENTRY--TOPICAL TERM |
| Topical term or geographic name entry element |
Muslims |
| Geographic subdivision |
Europe. |
| 9 (RLIN) |
82312 |
| 650 #0 - SUBJECT ADDED ENTRY--TOPICAL TERM |
| Topical term or geographic name entry element |
War on Terrorism, 2001-2009. |
| 9 (RLIN) |
14608 |
| 651 #0 - SUBJECT ADDED ENTRY--GEOGRAPHIC NAME |
| Geographic name |
European Union countries |
| General subdivision |
Ethnic relations. |
| 9 (RLIN) |
82313 |
| 700 1# - ADDED ENTRY--PERSONAL NAME |
| Personal name |
Samad, Yunas, |
| Dates associated with a name |
1951- |
| 9 (RLIN) |
25134 |
| 700 1# - ADDED ENTRY--PERSONAL NAME |
| Personal name |
Sen, Kasturi, |
| Dates associated with a name |
1956- |
| 9 (RLIN) |
82314 |
| 942 ## - ADDED ENTRY ELEMENTS (KOHA) |
| Source of classification or shelving scheme |
|
| Koha item type |
Book |
| 948 1# - LOCAL PROCESSING INFORMATION (OCLC); SERIES PART DESIGNATOR (RLIN) |
| Series part designator, SPT (RLIN) |
20070910 |
| b (OCLC) |
c |
| c (OCLC) |
sds12 |
| d (OCLC) |
MPS |